|
|
|
|
| LEADER |
00000cam a2200000 ca4500 |
| 001 |
1156992400 |
| 003 |
DE-627 |
| 005 |
20220612105129.0 |
| 007 |
tu |
| 008 |
000907n19uuuuuuxx ||||| 00| ||fre c |
| 035 |
|
|
|a (DE-627)1156992400
|
| 035 |
|
|
|a (DE-576)086992406
|
| 035 |
|
|
|a (DE-599)BSZ086992406
|
| 040 |
|
|
|a DE-627
|b ger
|c DE-627
|e rakwb
|
| 041 |
|
|
|a fre
|
| 084 |
|
|
|a 0
|2 ssgn
|
| 100 |
0 |
|
|0 (DE-588)118589091
|0 (DE-627)079382509
|0 (DE-576)162343841
|4 aut
|a Nyanaponika
|d 1901-1994
|
| 109 |
|
|
|a Bhikku Nāṇaponika 1901-1994
|a Nyānaponika Thera 1901-1994
|a Nyāṇaponika Mahāthera 1901-1994
|a Thera, Nyanaponika 1901-1994
|a Nyānaponika 1901-1994
|a Bhikkhu Nāṇaponika 1901-1994
|a Nyānaponika Bhikkhu 1901-1994
|a Nyanaponika, Thera 1901-1994
|a Bhikkhu Nyāṇaponika 1901-1994
|a Nyanaponika, Mahatra 1901-1994
|a Nyanaponika 1901-1994
|a Nyanaponika, Mahathera 1901-1994
|a Nyanaponika, Bhikku 1901-1994
|a Nyanaponika Mahatra 1901-1994
|a Bhikku Nyāṇaponika 1901-1994
|a Mahathera, Nyanaponika 1901-1994
|a Ñāṇaponika 1901-1994
|a Feniger, Siegmund 1901-1994
|
| 190 |
|
|
|j 1999
|
| 240 |
1 |
0 |
|a Great disciples of the Buddha <franz.>
|
| 245 |
1 |
4 |
|a Les grand disciples du Bouddha
|c Nyanaponika Thera et Hellmuth Hecker
|
| 264 |
|
1 |
|a Saint Cannat
|b Éd. Claire Lumière
|c 19XX-
|
| 336 |
|
|
|a Text
|b txt
|2 rdacontent
|
| 337 |
|
|
|a ohne Hilfsmittel zu benutzen
|b n
|2 rdamedia
|
| 338 |
|
|
|a Band
|b nc
|2 rdacarrier
|
| 689 |
0 |
0 |
|d p
|0 (DE-588)118664417
|0 (DE-627)079448666
|0 (DE-576)209255625
|2 gnd
|a Buddha
|d v563-v483
|
| 689 |
0 |
1 |
|d s
|0 (DE-588)4194940-7
|0 (DE-627)105215597
|0 (DE-576)210097779
|2 gnd
|a Jünger
|
| 689 |
0 |
|
|5 (DE-627)
|
| 700 |
1 |
|
|0 (DE-588)121877485
|0 (DE-627)081592884
|0 (DE-576)161344984
|4 aut
|a Hecker, Hellmuth
|d 1923-2017
|
| 700 |
0 |
2 |
|a Nyanaponika
|d 1901-1994
|t Great disciples of the Buddha <franz.>
|
| 935 |
|
|
|a mteo
|
| 951 |
|
|
|a MC
|
| ELC |
|
|
|b 1
|
| ITA |
|
|
|a 1
|t 1
|
| LOK |
|
|
|0 000 xxxxxcx a22 zn 4500
|
| LOK |
|
|
|0 001 2383364908
|
| LOK |
|
|
|0 003 DE-627
|
| LOK |
|
|
|0 004 1156992400
|
| LOK |
|
|
|0 005 20130326171556
|
| LOK |
|
|
|0 008 000907||||||||||||||||ger|||||||
|
| LOK |
|
|
|0 040
|a DE-21
|c DE-627
|d DE-21
|
| LOK |
|
|
|0 852
|a DE-21
|
| LOK |
|
|
|0 852 1
|c 40 A 9281
|9 00
|
| LOK |
|
|
|0 935
|a theo
|a sued
|a theo
|
| LOK |
|
|
|0 936ln
|a s16.2
|
| LOK |
|
|
|0 936ln
|a t13
|
| LOK |
|
|
|0 939
|a 07-09-00
|b l01
|
| ORI |
|
|
|a SA-MARC-ixtheoa001.raw
|
| REL |
|
|
|a 1
|
| SPR |
|
|
|a 1
|t IXT
|t REL
|
| STA |
0 |
0 |
|a Disciple,Disciple
|
| STB |
0 |
0 |
|a Disciple,Disciple
|
| STC |
0 |
0 |
|a Discípulo,Discípulo
|
| STD |
0 |
0 |
|a Discepolo,Discepolo
|
| STE |
0 |
0 |
|a 门徒,信徒,弟子
|
| STF |
0 |
0 |
|a 門徒,信徒,弟子
|
| STG |
0 |
0 |
|a Discípulo,Discípulo
|
| STH |
0 |
0 |
|a Апостол (мотив),Апостол
|
| STI |
0 |
0 |
|a Μαθητής του Ιησού (μοτίβο),Μαθητής του Ιησού
|
| SUB |
|
|
|a REL
|
| SYG |
0 |
0 |
|a Buddha Shakyamuni,v563-v483,Buddha, Gautama,v563-v483,Buddha, Gotama,v563-v483,Buddho, Gotamo,v563-v483,Bouddha,v563-v483,Buddhas,v563-v483,Gautama Buddha,v563-v483,Gotama Buddha,v563-v483,Gotama,the Budda,v563-v483,Gotamo Buddho,v563-v483,Śākyamuni-Buddha,v563-v483,Shakjamuni Buddha,v563-v483,Shakyamuni,v563-v483,Shākyamuni,v563-v483,Siddhārta Gautama,v563-v483,Siddhārta Gautama Buddha,v563-v483,Siddhartha Gautama,v563-v483,Siddhattha Gautama,v563-v483,Siddhartha Gotama,v563-v483,Shva-kya-thub-pa,v563-v483,Fo tuo,v563-v483,Fotuo,v563-v483,Fo, Tuo,v563-v483
|